Catàleg del Col·legi de Periodistes de Catalunya

Drets i límits del periodisme gràfic (Registre núm. 7963)

000 -CABECERA
Longitud fija campo de control 00987nam a2200241 i 4500
001 - NÚMERO DE CONTROL
Número de control 991058478168306706
003 - IDENTIFICADOR DEL NÚMERO DE CONTROL
Identificador del número de control OSt
005 - FECHA Y HORA DE LA ÚLTIMA TRANSACCIÓN
Fecha y hora de la última transacción 20241107183348.0
006 - CÓDIGOS DE INFORMACIÓN DE LONGITUD FIJA - CARACTERÍSTICAS DEL MATERIAL ADICIONAL
Códigos de información de longitud fija - Caracter&íacute;sticas del material adicional m o d |
007 - CAMPO FIJO DE DESCRIPCIÓN FÍSICA
Campo fijo de descripción f&íacute;sica cr |||||||||||
008 - CÓDIGOS DE INFORMACIÓN DE LONGITUD FIJA
Códigos de información de longitud fija 201029s2019 sp a ob 000 0 spa d
040 ## - FUENTE DE LA CATALOGACIÓN
Centro catalogador de origen CDMR
Centro transcriptor CDMR
Lengua de catalogación cat
245 10 - MENCIÓN DE TÍTULO
Título Drets i límits del periodisme gràfic
Mención de responsabilidad, etc. / Sindicat de Periodistes de Catalunya ...[et al.]
260 ## - PUBLICACIÓN, DISTRIBUCIÓN, ETC. (PIE DE IMPRENTA)
Lugar de publicación, distribución, etc. Barcelona
Nombre del editor, distribuidor, etc. : SPC,
Fecha de publicación, distribución, etc. 2024
300 ## - DESCRIPCIÓN FÍSICA
Extensión 33 pàgines
650 #0 - PUNTO DE ACCESO ADICIONAL DE MATERIA - TÉRMINO DE MATERIA
Término de materia o nombre geográfico como elemento inicial Fotoperiodisme
9 (RLIN) 1270
Subdivisión de materia general Dret i legislació
Subdivisión geográfica Espanya
710 ## - PUNTO DE ACCESO ADICIONAL - NOMBRE DE ENTIDAD
9 (RLIN) 2905
Nombre de entidad o nombre de jurisdicción como elemento inicial Sindicat de Periodistes de Catalunya
710 2# - PUNTO DE ACCESO ADICIONAL - NOMBRE DE ENTIDAD
9 (RLIN) 2834
Nombre de entidad o nombre de jurisdicción como elemento inicial Unió de Professionals de la Imatge i Fotografia de Catalunya
710 2# - PUNTO DE ACCESO ADICIONAL - NOMBRE DE ENTIDAD
9 (RLIN) 621
Nombre de entidad o nombre de jurisdicción como elemento inicial Unió de Periodistes Valencians
710 2# - PUNTO DE ACCESO ADICIONAL - NOMBRE DE ENTIDAD
9 (RLIN) 133
Nombre de entidad o nombre de jurisdicción como elemento inicial Col·legi de Periodistes de Catalunya
856 ## - LOCALIZACIÓN Y ACCESO ELECTRÓNICO
Identificador Uniforme del Recurso (URI) <a href="https://www.periodistes.cat/sites/default/files/public/continguts/actualitat/2024/10/documents/071124-guia-dels-drets-i-limits-del-periodisme-grafic.pdf">https://www.periodistes.cat/sites/default/files/public/continguts/actualitat/2024/10/documents/071124-guia-dels-drets-i-limits-del-periodisme-grafic.pdf</a>
Texto del enlace Accés en línia
942 ## - ENTRADA DE ELEMENTOS AGREGADOS (KOHA)
Fuente de clasificaión o esquema
Koha [por defecto] tipo de item Fullets
Fons
Suprimido Perdido Estropeado No para pr&eacute;stamo Localizaci&oacute;n permanente Localizaci&oacute;n actual Fecha adquisici&oacute;n Fuente de adquisici&oacute;n Signatura completa C&oacute;digo de barras Fecha &uacute;ltima consulta Fecha del precio de reemplazo Tipo de item de Koha
        Centre de Documentació Montserrat Roig Centre de Documentació Montserrat Roig 2024-11-07 Donació Ci 1.1/56 CDMR24111258 2024-11-07 2024-11-07 Fullets

Implantat amb Koha